Подробности
| 000 -МАРКЕР |
| контрольное поле |
03526nam0a2200409 4500 |
| 001 - ИДЕНТИФИКАТОР ЗАПИСИ |
| контрольное поле |
RU\NLR\BIBL_A\022049715 |
| 005 - ИДЕНТИФИКАТОР ВЕРСИИ |
| контрольное поле |
20250408084350.0 |
| 010 ## - МЕЖДУНАРОДНЫЙ СТАНДАРТНЫЙ НОМЕР КНИГИ (ISBN) |
| Номер (ISBN) |
978-5-17-147536-9 |
| Тираж |
3000 |
| 021 ## - НОМЕР ГОСУДАРСТВЕННОЙ РЕГИСТРАЦИИ |
| Код страны |
Российская Федерация |
| Номер |
КН-П-23-057732 |
| Номер Листа государственной регистраци |
КН-П-23-5816 |
| 035 ## - ДРУГИЕ СИСТЕМНЫЕ НОМЕРА |
| Идентификатор записи |
(NLR Aleph) 022049715 |
| 035 ## - ДРУГИЕ СИСТЕМНЫЕ НОМЕРА |
| Идентификатор записи |
(RuMoRGB)012111829 |
| 100 ## - ДАННЫЕ ОБЩЕЙ ОБРАБОТКИ |
| Данные общей обработки |
20231013d2023 c y0rusy50 ca |
| 101 0# - ЯЗЫК РЕСУРСА |
| Язык текста, звукозаписи и т.д. |
русский |
| 102 ## - СТРАНА ПУБЛИКАЦИИ ИЛИ ПРОИЗВОДСТВА |
| Страна публикации |
Российская Федерация |
| 105 ## - ПОЛЕ КОДИРОВАННЫХ ДАННЫХ: ТЕКСТОВЫЕ МАТЕРИАЛЫ, МОНОГРАФИЧЕСКИЕ |
| Кодированные данные о монографическом текстовом документе |
a j 000zy |
| 181 #0 - ПОЛЕ КОДИРОВАННЫХ ДАННЫХ: ВИД СОДЕРЖАНИЯ |
| Код вида содержания (ISBD) |
i3 |
| Код характеристики содержания (ISBD) |
axxe |
| 181 #0 - ПОЛЕ КОДИРОВАННЫХ ДАННЫХ: ВИД СОДЕРЖАНИЯ |
| Код вида содержания (ISBD) |
b2 |
| Код характеристики содержания (ISBD) |
xb2e |
| 182 #0 - ПОЛЕ КОДИРОВАННЫХ ДАННЫХ: ТИП СРЕДСТВА |
| Код типа средства (ISBD) |
n - непосредственное |
| 200 1# - ЗАГЛАВИЕ И СВЕДЕНИЯ ОБ ОТВЕТСТВЕННОСТИ |
| Основное заглавие |
Мои хорошие привычки |
| Сведения, относящиеся к заглавию |
как стать самостоятельным |
| -- |
[для младшего школьного возраста |
| -- |
практическое руководство для детей и родителей] |
| Первые сведения об ответственности |
Наталия Иванова |
| 203 ## - ВИД СОДЕРЖАНИЯ И ТИП СРЕДСТВА |
| Вид содержания |
Текст |
| -- |
Изображение |
| Дополнительные сведения об издании |
визуальные |
| Тип средства |
непосредственные |
| 210 ## - ПУБЛИКАЦИЯ, РАСПРОСТРАНЕНИЕ И ДР. |
| Место издания, распространения и т.д. |
Москва |
| Имя издателя, распространителя и т. д. |
Малыш |
| -- |
АСТ |
| Дата издания, распространения и т.д. |
2023 |
| 215 ## - ФИЗИЧЕСКАЯ ХАРАКТЕРИСТИКА |
| Специфическое обозначение материала и объем |
78, [1] с. |
| Другие сведения о физической характеристике |
ил. |
| Размеры |
26 |
| 225 1# - СЕРИЯ |
| Основное заглавие серии |
Серия "Секреты счастливого ребёнка" |
| 330 ## - РЕЗЮМЕ ИЛИ РЕФЕРАТ |
| Текст примечания |
Путь к большому успеху начинается с маленьких привычек! Они автоматизируют наши действия, упорядочивают жизнь. В результате рутинные обязанности выполняются сами собой как по волшебству. Освобождаются энергетические ресурсы мозга для достижения важных целей, для обучения новому, для творчества и саморазвития. В этом тренажёре лайф-коуч Наталия Иванова обучает эффективным приёмам развития эмоционально-волевой сферы. Ребёнку будет интересно самому выбирать привычки и каждый день отмечать результат своих усилий в трекере, заполнять "колесо счастья". Легко и просто ваш сын или дочка приобретут такие важные черты характера, как пунктуальность, организованность, чистоплотность и другие. Задача родителей - поддерживать и вдохновлять! Важно начать заниматься как можно раньше. Ведь многие привычки родом из детства, мы проносим их через всю жизнь. И место полезной привычки может занять вредная |
| 333 ## - ПРИМЕЧАНИЯ ОБ ОСОБЕННОСТЯХ РАСПРОСТРАНЕНИЯ И ИСПОЛЬЗОВАНИЯ |
| Текст примечания |
0+; 6- |
| 606 1# - НАИМЕНОВАНИЕ ТЕМЫ КАК ПРЕДМЕТ |
| Наименование темы |
Дети младшего школьного возраста |
| Тематический подзаголовок |
Воспитание самостоятельности |
| Системный номер авторитетной/нормативной записи |
2542938 |
| Идентификатор авторитетной/нормативной записи |
RU\NLR\AUTH\661505307 |
| 675 ## - УНИВЕРСАЛЬНАЯ ДЕСЯТИЧНАЯ КЛАССИФИКАЦИЯ (UDC/УДК) |
| Индекс |
087.5:159.923 |
| Издание |
4 |
| 686 1# - ИНДЕКСЫ ДРУГИХ КЛАССИФИКАЦИЙ |
| Индекс |
Ч421.352.212,01 |
| 700 #1 - ИМЯ ЛИЦА - ПЕРВИЧНАЯ ОТВЕТСТВЕННОСТЬ |
| Графика поля |
Кириллица |
| Материалы, к которым относится поле |
rus |
| Начальный элемент ввода |
Иванова |
| Часть имени, кроме начального элемента ввода |
Н. А. |
| Дополнения к именам, кроме дат |
эмотолог |
| Расширение инициалов личного имени |
Наталия Андреевна |
| Системный номер авторитетной/нормативной записи |
228298 |
| Идентификатор авторитетной/нормативной записи |
RU\NLR\AUTH\770228354 |
| 856 4# - МЕСТОНАХОЖДЕНИЕ ЭЛЕКТРОННЫХ РЕСУРОВ И ДОСТУП К НИМ |
| Имя пользователя (logon/login) |
VNP_SKP |
| Эмуляция терминала (Terminal emulation) |
VIEW |
| Универсальный идентификатор ресурса (Uniform Resource Identifier) |
https://webservices.nlr.ru/viewer/file?name=a022049715_002.txt |
| Тип доступа (Access method) |
Аннотация |
| 856 41 - МЕСТОНАХОЖДЕНИЕ ЭЛЕКТРОННЫХ РЕСУРОВ И ДОСТУП К НИМ |
| Имя пользователя (logon/login) |
VNP_SKP |
| Эмуляция терминала (Terminal emulation) |
VIEW |
| Универсальный идентификатор ресурса (Uniform Resource Identifier) |
https://webservices.nlr.ru/viewer/file?name=t022049715_001.jpg |
| Тип доступа (Access method) |
Обложка |
| 942 ## - ДОПОЛНИТЕЛЬНЫЕ ЭЛЕМЕНТЫ ЗАПИСИ (АБИС) |
| Тип экземпляра АБИС |
Книга |
| 980 4# - КОЛЛЕКЦИЯ |
| Название коллекции |
Новые поступления - Отдел обработки и каталогов |
| 980 ## - КОЛЛЕКЦИЯ |
| Название коллекции |
Национальная библиография |